5 pays avec le moins de route par continent - Statistiques

Statistiques générales
  • Ce quiz a été pris 112 fois
  • Le résultat moyen est 17 sur 25
Statistiques - réponses
Pays Nombre de km % Correct
Andorre 320km
91%
Monaco 77km
91%
Vatican 9km
89%
Liechtenstein 630km
88%
Saint Marin 292km
84%
Cap Vert 1 350km
73%
Nauru 30km
72%
Comores 880km
69%
Sao Tomé et Principe 1 300km
67%
Singapour 3 500km
67%
Tonga 680km
67%
Seychelles 526km
66%
Brunei j2 976km
65%
Île Maurice 2 428km
64%
Sainte Lucie 1 210km
64%
Dominique 1 512km
62%
Vanuatu 1 070km
62%
Grenade 1 127km
61%
Kiribati 670km
60%
Saint Christophe et Niévès 383km
60%
Tuvalu 8km
60%
Bahreïn 4 122km
58%
Antigua et Barbuda 1 170km
57%
Maldives 93km
57%
Émirats Arabes Unis 4 080km
23%
Aucun quiz correspondant
Distribution des résultats
% des personnes avec chaque résultat
Percentile par nombre de réponses
Votre historique - résultats
Vous n’avez pas pris ce quiz